Statistiques concernant Deuxième plus grande ville des pays européens

Cliquez ici pour prendre le quiz!

Statistiques générales

  • Ce quiz a été pris 258 fois
    (251 depuis la dernière actualisation)
  • Le résultat moyen est 14 sur 43

Statistiques - réponses

Pays2ème plus grande ville% Correct
FranceMarseille
97%
EspagneBarcelone
90%
ItalieNaples
84%
AllemagneHambourg
83%
Pays-BasRotterdam
76%
PortugalPorto
75%
BelgiqueAnvers
70%
RussieSaint-Pétersbourg
70%
SuisseGenève
64%
PologneCracovie
62%
Royaume-UniBirmingham
58%
IrlandeCork
56%
GrèceThessalonique
52%
CroatieSplit
48%
NorvègeBergen
44%
SuèdeGöteborg
43%
AutricheGraz
41%
LituanieKaunas
34%
DanemarkAarhus
29%
TchéquieBrno
26%
UkraineKharkiv
20%
LiechtensteinVaduz
20%
LuxembourgEsch-sur-Alzette
17%
BulgariePlovdiv
15%
MoldavieTiraspol
15%
HongrieDebrecen
14%
MalteIl-Mosta
14%
FinlandeEspoo
13%
SerbieNovi Sad
13%
AlbanieDurrës
12%
SlovénieMaribor
12%
EstonieTartu
11%
RoumanieConstanța
10%
SlovaquieKošice
10%
BiélorussieHomiel
9%
Bosnie-HerzégovineBanja Luka
6%
AndorreEscaldes-Engordany
6%
LettonieDaugavpils
5%
MacédoineBitola
3%
Saint-MarinBorgo Maggiore
3%
IslandeKópavogur
2%
MonténégroNikšić
1%
KosovoPrizren
1%

Distribution des résultats

Percentile par nombre de réponses

% des personnes avec chaque résultat

Votre développement - résultats

Vous n’avez pas pris ce quiz depuis la dernière actualisation